Indias New Middle Class : Democratic Politics in an Era of Economic Reform (Record no. 227210)

MARC details
000 -LEADER
fixed length control field 00712nam a22002417a 4500
005 - DATE AND TIME OF LATEST TRANSACTION
control field 20230419145455.0
008 - FIXED-LENGTH DATA ELEMENTS--GENERAL INFORMATION
fixed length control field 230419b ||||| |||| 00| 0 eng d
020 ## - INTERNATIONAL STANDARD BOOK NUMBER
International Standard Book Number 9780195691580
040 ## - CATALOGING SOURCE
Transcribing agency AL
041 ## - LANGUAGE CODE
Language code of text/sound track or separate title English
082 ## - DEWEY DECIMAL CLASSIFICATION NUMBER
Edition number 23
Classification number 305.550954
Item number FERI
100 ## - MAIN ENTRY--PERSONAL NAME
Personal name Leela Fernandes
100 ## - MAIN ENTRY--PERSONAL NAME
9 (RLIN) 90596
245 ## - TITLE STATEMENT
Title Indias New Middle Class : Democratic Politics in an Era of Economic Reform
260 ## - PUBLICATION, DISTRIBUTION, ETC.
Place of publication, distribution, etc. New Delhi
Name of publisher, distributor, etc. Oxford University Press
Date of publication, distribution, etc. 2007
300 ## - PHYSICAL DESCRIPTION
Extent 289 p.
Other physical details HB
Dimensions 24x16 cm.
365 ## - TRADE PRICE
Currency code
Unit of pricing ₹575.00
650 ## - SUBJECT ADDED ENTRY--TOPICAL TERM
Topical term or geographic name entry element Middle class
9 (RLIN) 90597
650 ## - SUBJECT ADDED ENTRY--TOPICAL TERM
Topical term or geographic name entry element Economic history
9 (RLIN) 90598
650 ## - SUBJECT ADDED ENTRY--TOPICAL TERM
Topical term or geographic name entry element India
9 (RLIN) 90599
650 ## - SUBJECT ADDED ENTRY--TOPICAL TERM
Topical term or geographic name entry element Social change
9 (RLIN) 90600
700 ## - ADDED ENTRY--PERSONAL NAME
Personal name FERNANDES (Leela)
9 (RLIN) 90601
942 ## - ADDED ENTRY ELEMENTS (KOHA)
Source of classification or shelving scheme Dewey Decimal Classification
Koha item type George Fernandes Collections
Holdings
Withdrawn status Lost status Source of classification or shelving scheme Damaged status Not for loan Collection code Home library Current library Date acquired Total Checkouts Full call number Barcode Date last seen Cost, replacement price Price effective from Koha item type
    Dewey Decimal Classification     Sociology St Aloysius Library St Aloysius Library 03/23/2013   305.550954 FERI GF01388 04/19/2023 575.00 04/19/2023 George Fernandes Collections